LEADER 00789nam a2200181 i 4500 001 000000233547 003 CaOOAMICUS 005 20140922000000.0 008 140922s1823 it u000 u mul u 013 $a212450 026 $area- nole lei- peso (3) 1823 (A) 040 $aSeMil$bita 245 10$aTomo 1. 300 $aX, 309, [1] p. 773 0 $aMartini, Antonio, $tIstoria e concordia evangelica spiegata al popolo nella metropolitana dall'illust. e rever. monsig. Antonio Martini arcivescovo di Firenze ec. ec. Tomo 1.-[3.].$dVenezia : Dalla Tipografia di Girolamo Tasso, 1823.$g1$w()30572 850 $aSeMil 852 $aSeMil$W1$xVenegono$y1$m2Y II 86 FA$j183893$B183893$CSeMilBibl$Z2$F194638 $8I 996 $6245$aTomo 1$9(OLS)http://semarc/title/46685 LEADER 00950nam a2200241 i 4500 001 000000083036 003 CaOOAMICUS 005 20180502000000.0 008 180502s2008 it u000 u ita u 013 $a55276 020 $a978-88-834-0418-4 040 $aSeMil$bita 245 10$aMondiali Varese 2008 :$blibro d'Oro /$cFoto di Giorgio Lotti. 260 $aVarese :$bMacchione,$c2008. 300 $a159 p. :$bill. ;$c27 cm. 650 4$aCiclismo - Varese - 2008 - Fotografie.$0(OLS)http://semarc/subject/45622 700 1 $aLotti, Giorgio.$0(OLS)http://semarc/name/54177 850 $aSeMil 852 $aSeMil$W1$xVenegono$y1$m3XD V 13$j47760$B47760$CSeMilBibl$Z2$F50635 $81 961 $aOmaggio: Altro 996 $6020$a978-88-834-0418-4$9(OLS)http://semarc/number/271490 996 $6245$aMondiali Varese 2008 :$blibro d'Oro$9(OLS)http://semarc/title/405379 996 $6260$aVarese :$bMacchione$9(OLS)http://semarc/publisher/34285